Power Electronics (Record no. 52)
[ view plain ]
| 000 -LEADER | |
|---|---|
| Fixed length control field | 00560nam a2200193 4500 |
| 003 - CONTROL NUMBER IDENTIFIER | |
| Control field | SEACOMEC |
| 005 - DATE AND TIME OF LATEST TRANSACTION | |
| Control field | 20240328120944.0 |
| 008 - FIXED-LENGTH DATA ELEMENTS--GENERAL INFORMATION | |
| Fixed length control field | 231004b |||||||| |||| 00| 0 eng d |
| 020 ## - INTERNATIONAL STANDARD BOOK NUMBER / ISBN | |
| Price | $8.95 |
| 040 ## - CATALOGING SOURCE | |
| Original cataloging agency | SEACOMEC |
| 082 ## - DEWEY DECIMAL CLASSIFICATION NUMBER | |
| Classification number | 621.317 |
| Book Number | M697 |
| 100 1# - MAIN ENTRY--PERSONAL NAME | |
| Personal name | Mohan, Ned |
| 245 1# - TITLE STATEMENT | |
| Title | Power Electronics |
| Sub title | Converters, Applications and Design |
| Statement of responsibility | Ned Mohan; Tore M. Undeland and William P. Robbins |
| 250 ## - EDITION STATEMENT | |
| Edition statement | 3rd Ed |
| 260 ## - IMPRINT | |
| Place of publication | Singapore |
| Name of publisher | John Wiley |
| Date of publication | 2006 |
| 650 ## - SUBJECT ADDED ENTRY--TOPICAL TERM | |
| Topical term | Electrical Engineering |
| 650 ## - SUBJECT ADDED ENTRY--TOPICAL TERM | |
| Topical term | Transmission of Electronic Power |
| 942 ## - ADDED ENTRY ELEMENTS (KOHA) | |
| Koha item type | Books |
| Withdrawn status | Lost status | Source of classification | Damaged status | Not for loan | Home library | Current library | Date acquired | Total Checkouts | Call number | Accession number | Date last seen | Price effective from | Koha item type | Copy number |
|---|---|---|---|---|---|---|---|---|---|---|---|---|---|---|
| Dewey Decimal Classification | SEACOM ENGINEERING COLLEGE | SEACOM ENGINEERING COLLEGE | 28/03/2024 | 621.317 M697 | 4404 | 28/03/2024 | 28/03/2024 | Books | ||||||
| Dewey Decimal Classification | SEACOM ENGINEERING COLLEGE | SEACOM ENGINEERING COLLEGE | 28/03/2024 | 621.317 M697 | 4405 | 28/03/2024 | 28/03/2024 | Books | 1 | |||||
| Dewey Decimal Classification | SEACOM ENGINEERING COLLEGE | SEACOM ENGINEERING COLLEGE | 28/03/2024 | 621.317 M697 | 4406 | 28/03/2024 | 28/03/2024 | Books | 2 | |||||
| Dewey Decimal Classification | SEACOM ENGINEERING COLLEGE | SEACOM ENGINEERING COLLEGE | 28/03/2024 | 621.317 M697 | 4407 | 28/03/2024 | 28/03/2024 | Books | 3 | |||||
| Dewey Decimal Classification | SEACOM ENGINEERING COLLEGE | SEACOM ENGINEERING COLLEGE | 28/03/2024 | 621.317 M697 | 4408 | 28/03/2024 | 28/03/2024 | Books | 4 |
